Countries by pictures (hard) - Statistics

General Stats
  • This quiz has been taken 60 times
  • The average score is 5 of 16
Answer Stats
Picture Answer % Correct
Monaco
78%
Madagascar
56%
Zimbabwe
44%
San marino
42%
Bolivia
38%
Brunei
38%
Dominica
24%
Kyrgyzstan
24%
Laos
24%
Lesotho
20%
Liechtenstein
18%
Barbados
16%
Kosovo
13%
Lebanon
11%
Papua new guinea
9%
Guatemala
7%
No matching quizzes found
Score Distribution
Percent of People with Each Score
Percentile by Number Answered
Your Score History
You have not taken this quiz